Регионална библиотека "Любен Каравелов" - Русе

Мадам Дьо Помпадур (Запис номер 147627)

MARC детайли
000 -Лидер
Контролно поле с фиксирана дължина 01508nam a2200361 c 4500
003 - Код на организацията, давaща контролен номер
Контролно поле BLK
005 - Дата и час на последна редакция
Контролно поле 20250620005647.0
008 - Елементи от данни с фиксирана дължина
fixed length control field 180410b bul|||||r ||||||| ||bul||
010 ## - Наследен системен номер
LC control number KNG00153844000
020 ## - Международен стандартен номер на книга ISBN
Международен стандартен номер на книга ISBN 978-954-357-244-1
-- издат.: ЕМАС
040 ## - Източник на каталожния запис
Идентификатор на билиотеката - собственик на записа BLK
041 ## - Код за език
Код за езика на текст/звукозапис или на отделно заглавие Български
Код за езика КДБФ Български
072 #7 - Код за тематичната категория
Код организация bullib
Код за тематична категория Н83
Текст Чужда художествена литература Н
080 ## - УДК
Текстов определител УДК Немска литература
УДК код - определител по УДК 821.112.2
УДК определител -311.6
УДК - код + определител 821.112.2-311.6
100 1# - Редна дума - Автор
Автор Циглер, Клаудия
Авторска отговорност първи автор
R(LIN) 329715
139 ## - Редно поле
Редна дума Циглер, Клаудия
Авторски знак Циг - Ц 59
245 10 - Сведения за заглавието
Заглавие Мадам Дьо Помпадур
Подзаглавни данни Роман
Редно поле (дума) Клаудия Циглер; прев. от нем. Ваня Илиева Пенева.
257 ## - Страна на издаване
Страна на създаване/издаване Германия
260 ## - Област на издателските данни
-- София
Име на издателя, разпространителя и проч. ЕМАС
Година на издаване 2013
300 ## - Физическа характеристика
Страници 600 с.
Размери/Мащаб 22 см
380 ## - Жанр
Жанр Худож. лит.
490 1# - СЕРИИ (Колекции)
Име на серия Поредица Известните жени в историята
500 ## - Общи забележки
Забележка Ориг. загл. Die Favoritin des Konigs / Claudia Ziegler.
653 ## - Ключова дума – ненормативна
Ключова дума исторически романи
659 ## - Тематичен бюлетин
Тематичен бюлетин Н
700 ## - Други автори (авторска отговорност)
Лично име Пенева, Ваня Илиева
Дати, свързани с автора 1957-
Друга информация Преводач от немски, английски и руски език.
Автороска отговорност (Описва отношението между автора и произведението) прев. от нем.
9 (RLIN) 363755
852 ## - Местоположение
Форматна сигнатура Цб 266736
856 4# - Електронен адрес и достъп
Електронен формат pdf - файл
Път до файла /url/
856 4# - Електронен адрес и достъп
Електронен формат pdf - файл
Път до файла /url/
942 ## - АРТИКУЛИ
Вид на библиотечния материал Книги
Скрит в OPAC Не
Koha issues (borrowed), all copies 13
944 ## - СЪЗДАВАНЕ И РЕДАКЦИЯ на ЗАПИСА
Създаване/Редакция Създаване
Дата на регистрацията/редакция 26.11.2013
Статус, дата на статуса CRON CRON
Служител, извършил регистрацията/редакцията
944 ## - СЪЗДАВАНЕ И РЕДАКЦИЯ на ЗАПИСА
Създаване/Редакция Редакция
Дата на регистрацията/редакция 09.02.2016
Статус, дата на статуса ф /
Служител, извършил регистрацията/редакцията Людмила_Стоянова
999 ## - СИСТЕМНИ КОНТРОЛНИ НОМЕРА
Koha biblionumber 147627
Koha biblioitemnumber 147627
Наличности
Код за отписване Код за изгубен артикул Източник на класификационната схема Код за повреда Коз за рестрикции Код за отдаване Артикулен № Име на библиотеката - собственик Име на библиотеката, в която се намира в момента Статус (Текущо местоположение) Дата на вписване в системата Местоположение - отдел Цена в лева Инвентарен номер Систематично азбучна сигнатура Баркод Номер на екземпляра Цена в евро Служебна бележка Служебен тип на артикула
  Не е изгубен Universal Decimal Classification Не е повреден без рестрикции заемане за дома 245390 Регионална библиотека "Любен Каравелов" Русе Регионална библиотека "Любен Каравелов" Русе Заемна - подръчен фонд 2013-11-25 Заемна - подръчен фонд 16.92 120000772143 П 830-31/Ц 59 120000772143 1 8.65 Дост: Pk Вид: Ф N: 617 Дата: 13.11.2013 Книги
  Не е изгубен   Не е повреден без рестрикции ползва се в читалня 245391 Регионална библиотека "Любен Каравелов" Русе Регионална библиотека "Любен Каравелов" Русе Хранилище 2015-11-07 Хранилище 19.90 120000794439 Цб 266736 120000794439 2 10.17 Дост: Dp Вид: Д N: 39 Дата: 09.09.2015 Книги
Vip Innovations Ltd, Rousse, Bulgaria 2025